[Event "Muensterland Regionalliga 1516"]
[Site "Germany"]
[Date "2016.02.27"]
[Round "7.7"]
[White "Schlitter, Klaus"]
[Black "Teloeken, Andreas"]
[Result "1/2-1/2"]
[WhiteElo "1877"]
[BlackElo "1990"]
[PlyCount "87"]
[EventDate "2015.09.05"]
[EventType "team"]
[EventRounds "9"]
[EventCountry "GER"]
[SourceTitle "EXT 2017"]
[Source "ChessBase"]
[SourceDate "2016.10.25"]
[SourceVersion "1"]
[SourceVersionDate "2016.10.25"]
[SourceQuality "1"]
[WhiteTeam "Steinfurt"]
[BlackTeam "Suedlohn"]
[WhiteTeamCountry "GER"]
[BlackTeamCountry "GER"]

1. d4 e6 2. c4 f5 3. Nf3 Nf6 4. g3 d6 5. b3 Be7 6. Bg2 0-0 7. 0-0 a5 8. Bb2 Ne4 9. Nbd2 Bf6 10. Nxe4 fxe4 11. Ne1 d5 12. f3 exf3 13. Nxf3 c5 14. cxd5 exd5 15. Ba3 Na6 16. Rc1 b6 17. dxc5 bxc5 18. Bxc5 Nxc5 19. Rxc5 Qb6 20. Qxd5+ Be6 21. Qc6 Qxc6 22. Rxc6 Bd5 23. Rd6 Bf7 24. e4 a4 25. Rd3 axb3 26. axb3 Ra3 27. e5 Be7 28. Nd2 Ra5 29. Re1 Be6 30. Nc4 Ra2 31. Rd2 Rxd2 32. Nxd2 Bb4 33. Re2 Bg4 34. Re4 Bc5+ 35. Kh1 Be6 36. Nc4 Rb8 37. Nd2 Rd8 38. Re2 Bb4 39. Nf1 Rd3 40. Re3 Rxb3 41. Rxb3 Bxb3 42. Be4 Bc3 43. Ne3 Bxe5 44. Bd5+ 1/2-1/2

[Event "Muensterland Regionalliga 1516"]
[Site "Germany"]
[Date "2015.11.14"]
[Round "3.6"]
[White "Schlitter, Klaus"]
[Black "Ollech, Dirk"]
[Result "0-1"]
[WhiteElo "1877"]
[BlackElo "1925"]
[PlyCount "80"]
[EventDate "2015.09.05"]
[EventType "team"]
[EventRounds "9"]
[EventCountry "GER"]
[SourceTitle "EXT 2017"]
[Source "ChessBase"]
[SourceDate "2016.10.25"]
[SourceVersion "1"]
[SourceVersionDate "2016.10.25"]
[SourceQuality "1"]
[WhiteTeam "Steinfurt"]
[BlackTeam "Muenster SK III"]
[WhiteTeamCountry "GER"]
[BlackTeamCountry "GER"]

1. d4 Nf6 2. c4 c5 3. d5 e6 4. Nc3 exd5 5. cxd5 d6 6. e4 g6 7. Nf3 Bg7 8. Bg5 0-0 9. Nd2 a6 10. a4 Re8 11. Be2 Qc7 12. Qc2 Nbd7 13. 0-0 Ne5 14. f3 h6 15. Bh4 g5 16. Bf2 b6 17. Nc4 Nfd7 18. Rab1 Rb8 19. Rfc1 Nxc4 20. Bxc4 Ne5 21. Bf1 c4 22. b3 cxb3 23. Qxb3 Qe7 24. Bxb6 Nd7 25. a5 Bd4+ 26. Kh1 Nxb6 27. axb6 Rxb6 28. Qc4 Rxb1 29. Rxb1 Qa7 30. Na2 Be5 31. Nb4 Qf2 32. Nc6 Bf4 33. Ne7+ Rxe7 34. Qxc8+ Kg7 35. Qxa6 Qh4 36. h3 Qg3 37. Kg1 Be3+ 38. Kh1 Qf2 39. Bd3 Ra7 40. Qc4 Ra2 0-1

[Event "Muensterland Regionalliga 1516"]
[Site "Germany"]
[Date "2015.09.26"]
[Round "2.8"]
[White "Niermann, Rainer"]
[Black "Schlitter, Klaus"]
[Result "1/2-1/2"]
[WhiteElo "1991"]
[BlackElo "1877"]
[PlyCount "90"]
[EventDate "2015.09.05"]
[EventType "team"]
[EventRounds "9"]
[EventCountry "GER"]
[SourceTitle "EXT 2017"]
[Source "ChessBase"]
[SourceDate "2016.10.25"]
[SourceVersion "1"]
[SourceVersionDate "2016.10.25"]
[SourceQuality "1"]
[WhiteTeam "Muenster SK II"]
[BlackTeam "Steinfurt"]
[WhiteTeamCountry "GER"]
[BlackTeamCountry "GER"]

1. e4 e6 2. d4 d5 3. Nc3 Bb4 4. e5 Qd7 5. Bd2 b6 6. a4 Ba6 7. Nb5 Bf8 8. Qg4 h5 9. Qg3 g6 10. Nh3 c6 11. Nd6+ Bxd6 12. Bxa6 Nxa6 13. exd6 0-0-0 14. Qd3 Kb7 15. b4 Qxd6 16. b5 cxb5 17. axb5 Nc7 18. 0-0 Nh6 19. Bf4 Qd7 20. Be5 Rhe8 21. c4 dxc4 22. Qxc4 Nf5 23. Qc6+ Qxc6 24. bxc6+ Kb8 25. Bxc7+ Kxc7 26. Rxa7+ Kxc6 27. Ng5 Nxd4 28. Nxf7 Ne2+ 29. Kh1 Rd5 30. g3 Rf5 31. f4 e5 32. Re1 exf4 33. gxf4 Ng3+ 34. hxg3 Rxe1+ 35. Kg2 Re6 36. Nd8+ Kd6 37. Nxe6 Kxe6 38. Rb7 Rb5 39. Kh3 Kf5 40. Rb8 Rb1 41. Rf8+ Ke6 42. Kh4 Ke7 43. Rb8 Kf6 44. Rf8+ Ke7 45. Rb8 Kf6 1/2-1/2

[Event "Muensterland Verbandsliga 1314"]
[Site "Germany"]
[Date "2014.05.03"]
[Round "9.5"]
[White "Schlitter, Klaus"]
[Black "Kaiser, Guenter"]
[Result "1/2-1/2"]
[WhiteElo "1822"]
[BlackElo "1643"]
[PlyCount "72"]
[EventDate "2013.09.07"]
[EventType "team-tourn"]
[EventRounds "9"]
[EventCountry "GER"]
[SourceTitle "EXT 2015"]
[Source "ChessBase"]
[SourceDate "2014.11.20"]
[SourceVersion "1"]
[SourceVersionDate "2014.11.20"]
[SourceQuality "1"]
[WhiteTeam "Steinfurt"]
[BlackTeam "Ochtrup"]
[WhiteTeamCountry "GER"]
[BlackTeamCountry "GER"]

1. d4 d5 2. c4 c6 3. Nf3 e6 4. Nc3 dxc4 5. a4 Bb4 6. e3 b5 7. Ne5 Nf6 8. Bd2 Bxc3 9. bxc3 Bb7 10. Qf3 Qd5 11. Qg3 0-0 12. f3 Qd8 13. e4 Ne8 14. Be2 Nd7 15. axb5 cxb5 16. 0-0 Nxe5 17. Qxe5 a6 18. Rfb1 Qd6 19. Qxd6 Nxd6 20. e5 Nf5 21. Bxc4 Rfc8 22. Bd3 Bd5 23. Bxf5 exf5 24. Ra5 Kf8 25. Kf2 Ke7 26. Ke3 Kd7 27. Rba1 Rc6 28. Kf4 g6 29. Kg5 h5 30. g4 hxg4 31. fxg4 fxg4 32. Kxg4 Rb6 33. h4 Ke6 34. Rf1 Kd7 35. Rfa1 Ke6 36. Rf1 Kd7 1/2-1/2

[Event "Muensterland Verbandsliga 1314"]
[Site "Germany"]
[Date "2014.01.18"]
[Round "5.4"]
[White "Junker, Axel"]
[Black "Schlitter, Klaus"]
[Result "0-1"]
[WhiteElo "1826"]
[BlackElo "1822"]
[PlyCount "52"]
[EventDate "2013.09.07"]
[EventType "team-tourn"]
[EventRounds "9"]
[EventCountry "GER"]
[SourceTitle "EXT 2015"]
[Source "ChessBase"]
[SourceDate "2014.11.20"]
[SourceVersion "1"]
[SourceVersionDate "2014.11.20"]
[SourceQuality "1"]
[WhiteTeam "Telgte"]
[BlackTeam "Steinfurt"]
[WhiteTeamCountry "GER"]
[BlackTeamCountry "GER"]

1. c4 Nf6 2. Nc3 e6 3. d4 Bb4 4. f3 d5 5. Bg5 h6 6. Bh4 0-0 7. e4 dxe4 8. fxe4 e5 9. d5 g5 10. Bg3 Nxe4 11. Qc2 Bf5 12. Bd3 Nxc3 13. bxc3 e4 14. cxb4 exd3 15. Qc3 Re8+ 16. Kd2 Nd7 17. Rf1 Nf6 18. Qd4 Ne4+ 19. Kd1 Qd7 20. b5 a6 21. Nf3 Bg6 22. Ne5 Rxe5 23. Qxe5 axb5 24. c5 Rxa2 25. Rf3 Qxd5 26. Ke1 d2+ 0-1

[Event "Muensterland Verbandsliga 1314"]
[Site "Germany"]
[Date "2013.10.05"]
[Round "2.6"]
[White "Schlitter, Klaus"]
[Black "Waeltermann, Thomas"]
[Result "1-0"]
[WhiteElo "1822"]
[BlackElo "1789"]
[PlyCount "192"]
[EventDate "2013.09.07"]
[EventType "team-tourn"]
[EventRounds "9"]
[EventCountry "GER"]
[SourceTitle "EXT 2015"]
[Source "ChessBase"]
[SourceDate "2014.11.20"]
[SourceVersion "1"]
[SourceVersionDate "2014.11.20"]
[SourceQuality "1"]
[WhiteTeam "Steinfurt"]
[BlackTeam "Beelen"]
[WhiteTeamCountry "GER"]
[BlackTeamCountry "GER"]

1. d4 Nf6 2. c4 g6 3. Nc3 Bg7 4. Nf3 d6 5. Bf4 Nbd7 6. e3 Nh5 7. Bg5 h6 8. Bh4 g5 9. Nd2 Ndf6 10. Be2 Bf5 11. Bxh5 Nxh5 12. Qxh5 Bg6 13. Qf3 gxh4 14. Qxb7 Rb8 15. Qc6+ Qd7 16. Qxd7+ Kxd7 17. b3 c5 18. Nf3 Bh5 19. Nxh4 Bf6 20. Nf5 Bg4 21. Ng3 cxd4 22. exd4 Bxd4 23. Rc1 h5 24. h3 Be6 25. 0-0 Rhg8 26. Nce2 Bc5 27. Kh2 h4 28. Ne4 Ba3 29. Rcd1 f5 30. N4c3 Rg7 31. Nd4 Rbg8 32. Rg1 Bc5 33. Na4 Bb4 34. Nxe6 Kxe6 35. Nb2 Kf7 36. Nd3 Ba3 37. Nf4 Bc5 38. Nd3 Bd4 39. Rd2 e5 40. Ne1 Bc3 41. Rxd6 Ke7 42. Rd5 e4 43. Rxf5 Bxe1 44. Rxe1 Rxg2+ 45. Kh1 Kd7 46. Rf4 e3 47. fxe3 Rxa2 48. Rxh4 Rgg2 49. Rh7+ Kc8 50. Rf7 Rh2+ 51. Kg1 Rhg2+ 52. Kf1 Rh2 53. Rg7 Rh1+ 54. Rg1 Rhh2 55. Rg8+ Kc7 56. Rg7+ Kc8 57. Kg1 Kd8 58. Ra1 Rhg2+ 59. Rxg2 Rxa1+ 60. Kh2 Rb1 61. Rd2+ Ke7 62. Rd3 Ke6 63. Kg3 Ke5 64. Kf3 Rf1+ 65. Ke2 Rh1 66. Rd7 a6 67. Re7+ Kf6 68. Ra7 Ke5 69. Rxa6 Rxh3 70. Ra5+ Ke4 71. Rb5 Rh2+ 72. Kd1 Kxe3 73. Rd5 Rb2 74. Kc1 Rxb3 75. Kc2 Ra3 76. Kb2 Ra8 77. Kc3 Ke4 78. Rd1 Ke5 79. c5 Ra4 80. Kb3 Rf4 81. c6 Rf3+ 82. Kb4 Rf2 83. Kc5 Rc2+ 84. Kb6 Rb2+ 85. Kc7 Ke6 86. Kc8 Ke7 87. c7 Ke8 88. Re1+ Kf7 89. Re4 Rb1 90. Kd7 Rd1+ 91. Kc6 Rc1+ 92. Kb6 Kf6 93. Rb4 Ke7 94. Kb7 Kd7 95. Rd4+ Ke7 96. c8Q Rb1+ 1-0

[Event "Muensterland Verbandsliga 1011"]
[Site "Germany"]
[Date "2011.02.05"]
[Round "6.7"]
[White "Haas, Kai Markus"]
[Black "Schlitter, Klaus"]
[Result "1/2-1/2"]
[WhiteElo "1971"]
[BlackElo "1818"]
[PlyCount "84"]
[EventDate "2010.09.25"]
[EventType "team-tourn"]
[EventRounds "9"]
[EventCountry "GER"]
[SourceTitle "EXT 2012"]
[Source "ChessBase"]
[SourceDate "2011.11.24"]
[SourceVersion "1"]
[SourceVersionDate "2011.11.24"]
[SourceQuality "1"]
[WhiteTeam "Sendenhorst"]
[BlackTeam "Steinfurt"]
[WhiteTeamCountry "GER"]
[BlackTeamCountry "GER"]

1. Nf3 Nf6 2. g3 g6 3. Bg2 Bg7 4. 0-0 0-0 5. d3 c5 6. e4 d6 7. Nc3 Nc6 8. h3 a6 9. Nh4 e5 10. a4 Ra7 11. Be3 b6 12. f4 Nh5 13. Qe1 Nd4 14. Rc1 f5 15. exf5 gxf5 16. Kh2 exf4 17. gxf4 Kh8 18. Nd5 b5 19. axb5 axb5 20. c3 Ne6 21. Bf3 Nf6 22. Rc2 Nxd5 23. Bxd5 Qf6 24. Nf3 Rff7 25. Qf2 Bb7 26. Bxb7 Raxb7 27. Ng5 Rfe7 28. Rg1 Nxg5 29. fxg5 Qe6 30. Bf4 Be5 31. Qg3 Bxf4 32. Qxf4 Qe5 33. Rf2 Kg7 34. Kg3 Kg6 35. h4 Re8 36. h5+ Kxh5 37. Rh1+ Kg6 38. Rh6+ Kg7 39. Rxd6 Qe1 40. Qxf5 Qg1+ 41. Kh4 Qh1+ 42. Kg4 Qg1+ 1/2-1/2

[Event "Muensterland Verbandsliga 1011"]
[Site "Germany"]
[Date "2010.12.18"]
[Round "4.7"]
[White "Becker, Daniel"]
[Black "Schlitter, Klaus"]
[Result "1-0"]
[WhiteElo "1904"]
[BlackElo "1818"]
[PlyCount "115"]
[EventDate "2010.09.25"]
[EventType "team-tourn"]
[EventRounds "9"]
[EventCountry "GER"]
[SourceTitle "EXT 2012"]
[Source "ChessBase"]
[SourceDate "2011.11.24"]
[SourceVersion "1"]
[SourceVersionDate "2011.11.24"]
[SourceQuality "1"]
[WhiteTeam "Nienberge"]
[BlackTeam "Steinfurt"]
[WhiteTeamCountry "GER"]
[BlackTeamCountry "GER"]

1. e4 e6 2. Nc3 d5 3. d3 Nf6 4. Bg5 Be7 5. e5 Nfd7 6. Bxe7 Qxe7 7. f4 a6 8. Nf3 c5 9. g3 Nc6 10. Bg2 0-0 11. 0-0 b5 12. Qd2 Nb6 13. Rae1 Bd7 14. f5 exf5 15. Nh4 d4 16. Nd5 Nxd5 17. Bxd5 g6 18. Qh6 Nxe5 19. Nf3 Nxf3+ 20. Bxf3 Qd6 21. Bxa8 Rxa8 22. Qf4 Qxf4 23. gxf4 Be6 24. Re5 Rc8 25. Ra1 c4 26. Kf2 Kf8 27. a4 b4 28. Ke2 b3 29. cxb3 cxb3 30. Kd1 Rc2 31. Re2 Rc5 32. a5 Bd7 33. Ra3 Bc6 34. Ke1 Bb5 35. Rxb3 Rc1+ 36. Kd2 Rf1 37. Re5 Rf2+ 38. Ke1 Rxh2 39. Rbxb5 axb5 40. Rxb5 Rh1+ 41. Ke2 Rc1 42. b4 Ra1 43. Rd5 Ra2+ 44. Kf3 Ra4 45. Rxd4 Ke7 46. Rc4 Kd6 47. Ke3 h5 48. Kd4 h4 49. Kc3 h3 50. Kb3 Ra1 51. Rc2 f6 52. Rh2 Kc6 53. Rxh3 Kb5 54. Rh8 Rb1+ 55. Kc3 g5 56. Rb8+ Ka6 57. Rb6+ Ka7 58. Rxf6 1-0

[Event "Muensterland Verbandsliga 1011"]
[Site "Germany"]
[Date "2010.10.30"]
[Round "2.7"]
[White "Hunhoff, Andreas"]
[Black "Schlitter, Klaus"]
[Result "1-0"]
[WhiteElo "1683"]
[BlackElo "1818"]
[PlyCount "99"]
[EventDate "2010.09.25"]
[EventType "team-tourn"]
[EventRounds "9"]
[EventCountry "GER"]
[SourceTitle "EXT 2012"]
[Source "ChessBase"]
[SourceDate "2011.11.24"]
[SourceVersion "1"]
[SourceVersionDate "2011.11.24"]
[SourceQuality "1"]
[WhiteTeam "Bocholt"]
[BlackTeam "Steinfurt"]
[WhiteTeamCountry "GER"]
[BlackTeamCountry "GER"]

1. f4 Nf6 2. Nf3 g6 3. e3 Bg7 4. Be2 d6 5. 0-0 0-0 6. c4 c5 7. Nc3 Nc6 8. d4 cxd4 9. exd4 d5 10. c5 Bf5 11. Qb3 Rb8 12. Bb5 e6 13. Bxc6 bxc6 14. Qa4 Qc7 15. Ne5 Rfc8 16. b3 Ne4 17. Nxe4 Bxe4 18. Bb2 Rb7 19. Bc3 f6 20. Ba5 Qe7 21. Nxc6 Qd7 22. Nb4 Qxa4 23. bxa4 e5 24. c6 Rxb4 25. Bxb4 Rxc6 26. Rac1 Rc4 27. Rxc4 dxc4 28. Bc3 Bd3 29. Rf2 e4 30. Rb2 e3 31. d5 Bf8 32. Bd4 c3 33. Bxc3 Bc5 34. Be1 e2+ 35. Kh1 a5 36. Rb8+ Kf7 37. Rc8 Bb4 38. Rc1 Bd6 39. Bd2 Ke7 40. Kg1 Ba3 41. Rc6 Bb2 42. Kf2 Bd4+ 43. Kf3 Kd7 44. Bxa5 g5 45. fxg5 fxg5 46. Be1 h5 47. g4 h4 48. h3 Be5 49. Re6 Bd6 50. Rxe2 1-0

[Event "Steinfurt Bezirksliga 0708"]
[Site "Germany"]
[Date "2008.03.15"]
[Round "7.2"]
[White "Schlitter, Klaus"]
[Black "Holtmannspoetter, Michael"]
[Result "1/2-1/2"]
[WhiteElo "1845"]
[BlackElo "1640"]
[PlyCount "34"]
[EventDate "2007.09.22"]
[EventType "team-tourn"]
[EventRounds "9"]
[EventCountry "GER"]
[SourceTitle "EXT 2009"]
[Source "ChessBase"]
[SourceDate "2008.11.26"]
[SourceVersion "1"]
[SourceVersionDate "2008.11.26"]
[SourceQuality "1"]
[WhiteTeam "Steinfurt III"]
[BlackTeam "Reckenfeld"]
[WhiteTeamCountry "GER"]
[BlackTeamCountry "GER"]

1. Nf3 c5 2. c4 Nc6 3. b3 d6 4. Bb2 e5 5. Nc3 Nf6 6. d3 g6 7. g3 Bg7 8. Bg2 0-0 9. 0-0 Rb8 10. Qd2 a6 11. e3 Bh6 12. Rfd1 Re8 13. h3 Be6 14. g4 Qc8 15. Ne4 Nxe4 16. dxe4 Rd8 17. Nh4 Bg5 1/2-1/2

[Event "Steinfurt Bezirksliga 0708"]
[Site "Germany"]
[Date "2008.02.23"]
[Round "6.3"]
[White "Schlitter, Klaus"]
[Black "Overmeyer, Juergen"]
[Result "1-0"]
[WhiteElo "1845"]
[BlackElo "1617"]
[PlyCount "49"]
[EventDate "2007.09.22"]
[EventType "team-tourn"]
[EventRounds "9"]
[EventCountry "GER"]
[SourceTitle "EXT 2009"]
[Source "ChessBase"]
[SourceDate "2008.11.26"]
[SourceVersion "1"]
[SourceVersionDate "2008.11.26"]
[SourceQuality "1"]
[WhiteTeam "Steinfurt III"]
[BlackTeam "Emsdetten Rochade III"]
[WhiteTeamCountry "GER"]
[BlackTeamCountry "GER"]

1. Nf3 c5 2. g3 g6 3. Bg2 Bg7 4. 0-0 d5 5. c4 d4 6. d3 Nc6 7. Na3 e5 8. Rb1 Nge7 9. Nc2 a5 10. b3 0-0 11. a3 Rb8 12. b4 axb4 13. axb4 b6 14. Ba3 Qd6 15. Nd2 Be6 16. bxc5 bxc5 17. Ne4 Rxb1 18. Qxb1 Qc7 19. Bxc5 Rb8 20. Bd6 Rxb1 21. Bxc7 Rxf1+ 22. Kxf1 Na7 23. Nc5 Bc8 24. Nb4 f6 25. Bb6 1-0